000 00669nam a2200229Ia 4500
003 BUBTL
008 151213s9999 xx 000 0 und d
020 _a978-0-19-568571-8
082 _a338.5MAM
100 _aMas- Colell, Andreu /Whinston, Michael D./ Green,Jerry R.
_91308
245 _aMicroeconomics Theory
250 _a1st
260 _aNew York
_bOxrord University Press
_cc1995
300 _a[xvii],981p.
_c21cm.
650 _aEconomics
650 _aEconomics
700 _aMas- Colell, Andreu /Whinston, Michael D./ Green,Jerry R.
_91309
760 _b1st
856 _k0
_l0
_yDownload
942 _2ddc
_cBK
999 _c4764
_d4764